<?xml version="1.0" encoding="UTF-8"?><?xml-stylesheet type="text/xsl" href="static/style.xsl"?><OAI-PMH xmlns="http://www.openarchives.org/OAI/2.0/" xmlns:xsi="http://www.w3.org/2001/XMLSchema-instance" xsi:schemaLocation="http://www.openarchives.org/OAI/2.0/ http://www.openarchives.org/OAI/2.0/OAI-PMH.xsd"><responseDate>2026-06-01T12:32:19Z</responseDate><request verb="GetRecord" identifier="oai:riuma.uma.es:10630/29947" metadataPrefix="marc">https://riuma.uma.es/rest/oai/request</request><GetRecord><record><header><identifier>oai:riuma.uma.es:10630/29947</identifier><datestamp>2026-02-03T11:33:28Z</datestamp><setSpec>com_10630_2254</setSpec><setSpec>col_10630_37953</setSpec></header><metadata><record xmlns="http://www.loc.gov/MARC21/slim" xmlns:dcterms="http://purl.org/dc/terms/" xmlns:doc="http://www.lyncode.com/xoai" xmlns:xsi="http://www.w3.org/2001/XMLSchema-instance" xsi:schemaLocation="http://www.loc.gov/MARC21/slim http://www.loc.gov/standards/marcxml/schema/MARC21slim.xsd">
   <leader>00925njm 22002777a 4500</leader>
   <datafield ind2=" " ind1=" " tag="042">
      <subfield code="a">dc</subfield>
   </datafield>
   <datafield ind2=" " ind1=" " tag="720">
      <subfield code="a">Morales, Rodrigo</subfield>
      <subfield code="e">author</subfield>
   </datafield>
   <datafield ind2=" " ind1=" " tag="720">
      <subfield code="a">Saborido Infantes, Rubén</subfield>
      <subfield code="e">author</subfield>
   </datafield>
   <datafield ind2=" " ind1=" " tag="720">
      <subfield code="a">Khomh, Foutse</subfield>
      <subfield code="e">author</subfield>
   </datafield>
   <datafield ind2=" " ind1=" " tag="720">
      <subfield code="a">Chicano-García, José-Francisco</subfield>
      <subfield code="e">author</subfield>
   </datafield>
   <datafield ind2=" " ind1=" " tag="720">
      <subfield code="a">Antoniol, Giuliano</subfield>
      <subfield code="e">author</subfield>
   </datafield>
   <datafield ind2=" " ind1=" " tag="260">
      <subfield code="c">2018</subfield>
   </datafield>
   <datafield ind2=" " ind1=" " tag="520">
      <subfield code="a">The energy consumption of mobile apps is a trending topic and researchers are actively investigating the role of coding practices on energy consumption. Recent studies suggest that design choices can conflict with energy consumption. Therefore, it is important to take into account energy consumption when evolving the design of a mobile app. In this paper, we analyze the impact of eight type of anti-patterns on a testbed of 20 android apps extracted from F-Droid. We propose EARMO, a novel anti-pattern correction approach that accounts for energy consumption when refactoring mobile anti-patterns. We evaluate EARMO using three multiobjective search-based algorithms. The obtained results show that EARMO can generate refactoring recommendations in less than a minute, and remove a median of 84% of anti-patterns. Moreover, EARMO extended the battery life of a mobile phone by up to 29 minutes when running in isolation a refactored multimedia app with default settings (no WiFi, no location services, and minimum screen brightness). Finally, we conducted a qualitative study with developers of our studied apps, to assess the refactoring recommendations made by EARMO. Developers found 68% of refactorings suggested by EARMO to be very relevant.</subfield>
   </datafield>
   <datafield ind1="8" ind2=" " tag="024">
      <subfield code="a">Rodrigo Morales, Rubén Saborido, Foutse Khomh, Francisco Chicano, Giuliano Antoniol: EARMO: An Energy-Aware Refactoring Approach for Mobile Apps. IEEE Trans. Software Eng. 44(12): 1176-1206 (2018)</subfield>
   </datafield>
   <datafield ind1="8" ind2=" " tag="024">
      <subfield code="a">https://hdl.handle.net/10630/29947</subfield>
   </datafield>
   <datafield ind1="8" ind2=" " tag="024">
      <subfield code="a">10.1109/TSE.2017.2757486</subfield>
   </datafield>
   <datafield tag="653" ind2=" " ind1=" ">
      <subfield code="a">Sistemas de comunicaciones móviles - Proceso de datos</subfield>
   </datafield>
   <datafield ind2="0" ind1="0" tag="245">
      <subfield code="a">EARMO: An Energy-Aware Refactoring Approach for Mobile Apps</subfield>
   </datafield>
</record>
</metadata></record></GetRecord></OAI-PMH>